Every NFL QB to Have 400 Passing Yards in a Game (2024-2025) - Statistics

General Stats
  • This quiz has been taken 256 times
  • The average score is 4 of 5
Answer Stats
Player % Correct
Joe Burrow
84%
Jared Goff
83%
Kirk Cousins
83%
Russell Wilson
60%
Jameis Winston
59%
No matching quizzes found
Score Distribution
Percent of People with Each Score
Percentile by Number Answered
Your Score History
You have not taken this quiz